|
|
|
|
| LEADER |
00000nab a2200000Ia 4500 |
| 001 |
vtls010704166 |
| 003 |
SK-MaSNL |
| 005 |
20260304194238.0 |
| 008 |
250709|1969 xo |||||||||||||||||slo| |
| 035 |
|
|
|a (urnnbn)urn:nbn:sk:snk:ar-a03wya
|
| 035 |
|
|
|a (uuid)7e9744e1-ed25-487a-a2da-3b1535cde099
|
| 035 |
|
|
|a urn:nbn:sk:snk-ab390b
|
| 040 |
|
|
|a SNKBUCL
|b slo
|c SNKBUCL
|e AACR2
|
| 041 |
0 |
|
|a slo
|
| 044 |
|
|
|a xo
|c SK
|
| 080 |
|
|
|a 330.8
|2 2001
|
| 100 |
1 |
|
|a HALÁKOVÁ, EVA
|4 aut
|9 1528470
|
| 245 |
1 |
0 |
|a Kolektív autorov: Problémy teorii ekonómii i vzrostu gospodarczego (Problémy ekonomickej teórie a hospodárskeho rastu)
|c Eva Haláková
|
| 650 |
0 |
7 |
|a ekonomické teórie
|2 SNKPH
|9 2164
|
| 650 |
0 |
7 |
|a ekonomický rast
|2 SNKPH
|9 2146
|
| 655 |
|
7 |
|a recenzie
|2 SNKPH
|9 21907
|
| 740 |
0 |
2 |
|a Problémy teorii ekonomii i vzrostu gospodarczego
|
| 773 |
0 |
|
|t Finančné štúdie : časopis pre otázky finančnej teórie a hospodárskej politiky
|g Roč. 2, č. 1 (1969), s. 104-105
|
| 787 |
0 |
8 |
|i Rec.:
|t Problémy ekonomickej teórie a hospodárskeho rastu = Problémy teorii ekonomii i vzrostu gospodarczego
|
| 850 |
|
|
|a Slovenská národná knižnica
|
| 852 |
|
|
|a Slovenská národná knižnica
|
| 954 |
|
|
|a odborná, vedecká literatúra pôvodná (slovenská)
|2 lita
|
| 958 |
|
|
|a article1
|
| 958 |
|
|
|a OND
|
| 958 |
|
|
|a EUIPO
|
| 999 |
|
|
|c 3073168
|d 3075098
|